Largest U.S. Cities by Time Zone - Statistics

General Stats
  • This quiz has been taken 26 times
  • The average score is 7 of 9
Answer Stats
Time zone City % Correct
−09:00 Anchorage
100%
−10:00 Honolulu
100%
−08:00 Los Angeles
100%
−05:00 New York
100%
−06:00 Chicago
96%
−07:00 Phoenix
96%
−04:00 San Juan
64%
−11:00 Pago Pago
48%
+10:00 Dededo
12%
No matching quizzes found
Score Distribution
Percent of People with Each Score
Percentile by Number Answered
Your Score History
You have not taken this quiz